Rosa, minha irmã Rosa (Registo nº 4117)

Detalhes MARC
000 -Etiqueta do registo
Cabeçalho 00708cam a2200253 4500
005 - Identificador da versão
Campo de controlo 20240813122053.0
095 ## -
-- PTBN00023674
100 ## - Dados gerais de processamento
Dados gerais de processamento 19970304d1980 m y0pory5003 ba
102 ## - Pais de publicação ou produção
País de publicação Portugal
101 0# - Língua de publicação
Língua do texto, banda sonora, etc. Português
215 ## - Descrição física 
Indicação específica da natureza do documento e extensão da espécie 110, [2] p.
Outras indicações físicas il.
Dimensões 22 cm
200 1# - Titulo e menção de responsabilidade
Título próprio Rosa, minha irmã Rosa
Primeira menção de responsabilidade Alice Vieira
205 ## - Menção da edição
Menção da edição 2ª ed
210 ## - Publicação, Distribuição, etc. 
Lugar da edição, distribuição, etc. Lisboa
Nome do editor, distribuidor, etc. Caminho
Data da publicação, distribuição, etc. 1980
300 ## - Notas gerais 
Texto da nota Prémio de literatura infantil - Ano Internacional da Criança
675 ## - Classificação Decimal Universal (CDU)
Notação 087.5
Edição BN
Língua da edição por
Notação 821.134.3-93"19"
Edição BN
Língua da edição por
Notação 821.134.3-31"19"
Edição BN
Língua da edição por
700 #1 - Nome de autor-pessoa física (responsabilidade principal)
Número de registo de entrada de autoridade 0000018
Palavra de ordem Vieira
Outra parte do nome não tomada para palavra de ordem Alice
Datas 1943-
942 ## - Elementos de entrada adicionados (Koha)
Tipo de item no Koha Livro
Exemplares
Situação do levantamento Origin of item (home branch) (coded) Biblioteca de empréstimo Código de barras Cota Circulation type (not for loan) Tipo de documento Nota do exemplar Damaged status
  Biblioteca Escolar das Vendas Biblioteca Escolar das Vendas BEV540 8POR VIE   Livro Sem mensagem